000
00258 a2200085 4500
020
_a
9789664398128
245
_a
Енциклопедичний словник класичних мов
260
_b
Київський університет
_c
2015
942
_c
BK
999
_c
458173
_d
458173